书目信息 |
| 题名: |
化学
|
|
| 作者: | 鲍林 , 鲍林 著 | |
| 分册: | 下册 | |
| 出版信息: | 北京 科学出版社 1982.12 |
|
| 页数: | 976页 | |
| 开本: | 19cm | |
| 丛书名: | ||
| 单 册: | ||
| 中图分类: | O6 | |
| 科图分类: | ||
| 主题词: | 化学 | |
| 电子资源: | ||
| ISBN: | ||
| 000 | 00544nam0 2200205 45 | |
| 001 | 0405190883 | |
| 005 | 20060731163005.84 | |
| 010 | @dCNY2.50 | |
| 091 | @a13031.2055 | |
| 100 | @a20040519d1982 km y0chiy0120 ea | |
| 101 | 0 | @achi@ceng |
| 200 | 1 | @a化学@h下册@AHua Xue@f(美)L·鲍林,P·鲍林著@F(mei)L·bao lin,P·bao lin zhu |
| 210 | @a北京@c科学出版社@d1982.12 | |
| 215 | @a976页@d19cm | |
| 606 | 0 | @a化学 |
| 690 | @aO6@v3 | |
| 701 | 0 | @a鲍林@Abao lin@4著 |
| 701 | 0 | @a鲍林@Abao lin@4著 |
| 801 | @aCN@bPftUser@c20060731 | |
| 905 | @dO6@e101:2 | |
| 化学.下册/(美)L·鲍林,P·鲍林著.-北京:科学出版社,1982.12 |
| 976页;19cm |
| ISBN :CNY2.50 |
| ● |
| 相关链接 |
|
|
|
|
正题名:化学
索取号:O6/101:2
 
预约/预借
| 序号 | 登录号 | 条形码 | 馆藏地/架位号 | 状态 | 备注 |
| 1 | 0081041 | 001702447 | 第三借阅区/ [索取号:O6/101:2] | 在馆 | |
| 2 | 0081042 | 000338030 | 第三借阅区/ [索取号:O6/101:2] | 在馆 | |
| 3 | 0081043 | 202102321 | 第二样本阅览室/ [索取号:O6/101:2] | 在馆 | |
| 4 | 0432213 | 204322134 | 密集书库/ [索取号:O6/101:2] | 在馆 | |
| 5 | 0432540 | 204325408 | 密集书库/ [索取号:O6/101:2] | 在馆 | |
| 6 | 0443184 | 204431846 | 密集书库/ [索取号:O6/101:2] | 在馆 | |
| 7 | 0461752 | 204617520 | 密集书库/ [索取号:O6/101:2] | 在馆 |